[Event "Maresme op 14th"]
[Site "Maresme"]
[Date "2017.10.07"]
[Round "2"]
[White "Llopis Jordan, Lluis"]
[Black "Maza Navarro, Llorens"]
[Result "0-1"]
[WhiteElo "1741"]
[BlackElo "1543"]
[PlyCount "60"]
[EventDate "2017.09.30"]
[EventType "swiss"]
[EventRounds "9"]
[EventCountry "ESP"]
[SourceTitle "CBM 181 Extra"]
[Source "ChessBase"]
[SourceDate "2017.12.12"]
[SourceVersion "1"]
[SourceVersionDate "2017.12.12"]
[SourceQuality "1"]

1. d4 Nf6 2. c4 g6 3. Nc3 d5 4. Bg5 Ne4 5. Nxe4 dxe4 6. e3 Bg7 7. Qd2 0-0 8. Ne2 f6 9. Bf4 f5 10. 0-0-0 Nd7 11. Nc3 a6 12. g4 Nf6 13. gxf5 Bxf5 14. Bg2 c5 15. Be5 cxd4 16. exd4 Qa5 17. Bxf6 Bxf6 18. h4 Rac8 19. b3 Rfd8 20. Nd5 Rxd5 21. Qxa5 Rxa5 22. a4 Rd8 23. d5 Rc5 24. Kd2 b5 25. Ke3 bxc4 26. bxc4 Rxc4 27. a5 Rc3+ 28. Kf4 h6 29. Bxe4 Bxe4 30. Kxe4 Rc4+ 0-1

[Event "Badalona op-C 41st"]
[Site "Badalona"]
[Date "2015.08.06"]
[Round "5.5"]
[White "Beltran Vidal, Daniel"]
[Black "Maza Navarro, Llorens"]
[Result "1-0"]
[WhiteElo "1863"]
[BlackElo "1799"]
[PlyCount "93"]
[EventDate "2015.08.02"]
[EventType "swiss"]
[EventRounds "9"]
[EventCountry "ESP"]
[SourceTitle "EXT 2024"]
[Source "ChessBase"]
[SourceDate "2023.10.10"]
[SourceVersion "1"]
[SourceVersionDate "2023.10.10"]
[SourceQuality "1"]

1. Nf3 Nf6 2. d4 e6 3. c4 d5 4. Nbd2 Nbd7 5. g3 c5 6. Bg2 cxd4 7. Nxd4 Qb6 8. e3 Nc5 9. 0-0 Be7 10. cxd5 exd5 11. h3 0-0 12. b3 Nd3 13. N2f3 Nxc1 14. Qxc1 Bd7 15. Ne5 Be6 16. Qb2 Rac8 17. Rac1 Bc5 18. Rfd1 Qd6 19. Nb5 Qe7 20. Qe2 a6 21. Nd4 Ba3 22. Rxc8 Rxc8 23. Nd3 Qd7 24. Nxe6 Qxe6 25. Nf4 Qf5 26. Nxd5 Nxd5 27. Rxd5 Rc1+ 28. Kh2 Qc2 29. Rd2 Qc7 30. Qg4 Qa5 31. Qd4 Be7 32. Bxb7 Bf6 33. Qd5 Rc5 34. Qd7 g6 35. Rd5 Qc7 36. Qxc7 Rxc7 37. Bxa6 Rc2 38. Kg2 Rxa2 39. Bc4 Be7 40. Rb5 Kf8 41. Rb8+ Kg7 42. Kf3 f5 43. h4 h6 44. Rb5 Bf6 45. Rb7+ Kh8 46. b4 Bc3 47. Bxa2 1-0